00831cam a22001933a 450000100060000000300060000600500170001200800410002904000150007004200070008510000370009224503190012926000290044850600300047751600200050765300390052783000290056685600420059542605PGUSA20140828083950.0130427s2013||||xxu|||||s|||||000 | eng d aPGUSAbeng adc1 aWilliams, J.q(John),d1817-189912aA Sermon Preached in Christ Church, Hartford, January 29th, 1865 :bIn Commemoration of the Rt. Rev. Thomas Church Brownell, D. D., LL. D., Third Bishop of Connecticut, and Presiding Bishop of the Protestant Episcopal Church in the United States by his Assistant and Successorh[electronic resource] /cJ. Williams bProject Gutenberg,c2013 aPublic domain in the USA. aElectronic text aBrownell, Thomas Church, 1779-1865 0aProject Gutenbergv4260540uhttp://www.gutenberg.org/ebooks/42605